000
00325nam a22001457a 4500
003
SGT
082
_a
615.7
100
_a
SINGH, HARKISHAN & KAPOOR, V.K
245
_a
PRACTICAL PHARMACEUTICAL CHEMISTRY
250
_a
1ST
260
_a
NEW DELHI
_b
VALLABH .PUB
_c
2014
300
_a
208
650
_a
CHEMISTRY
942
_2
ddc
_c
BK
999
_c
9622
_d
9622